|
|
|
|
| LEADER |
00000nam0a2200000 4500 |
| 001 |
306969 |
| 005 |
20250211063209.0 |
| 035 |
|
|
|a (RuTPU)RU\TPU\book\332247
|
| 090 |
|
|
|a 306969
|
| 100 |
|
|
|a 20151014c1982 k y0rusy5003 ca
|
| 101 |
0 |
|
|a rus
|
| 102 |
|
|
|a RU
|
| 105 |
|
|
|a a z 001zy
|
| 200 |
1 |
|
|a Экспериментальные исследования теплофизических процессов и свойств веществ
|e тематический сборник
|f Московский энергетический институт (МЭИ) ; под ред. В. М. Бродянского
|
| 210 |
|
|
|a Москва
|c Изд-во МЭИ
|d 1982
|
| 215 |
|
|
|a 91 с.
|c ил.
|
| 225 |
1 |
|
|a Труды Московского энергетического института (МЭИ)
|v Вып. 589
|
| 320 |
|
|
|a Библиография в конце статей
|
| 500 |
1 |
0 |
|a Труды Московского энергетического института
|9 88841
|
| 606 |
1 |
|
|a Теплофизика
|2 stltpush
|3 (RuTPU)RU\TPU\subj\59814
|9 77311
|
| 610 |
1 |
|
|a теплотехника
|
| 610 |
1 |
|
|a теплофизические процессы
|
| 610 |
1 |
|
|a экспериментальные исследования
|
| 610 |
1 |
|
|a теплообмен
|
| 610 |
1 |
|
|a криогенные жидкости
|
| 610 |
1 |
|
|a пленочное кипение
|
| 610 |
1 |
|
|a жидкие криоагенты
|
| 610 |
1 |
|
|a сепарация
|
| 610 |
1 |
|
|a неоднородное электрическое поле
|
| 610 |
1 |
|
|a диэлектрические свойства
|
| 610 |
1 |
|
|a инертные газы
|
| 610 |
1 |
|
|a электрон-атомные столкновения
|
| 610 |
1 |
|
|a сечения
|
| 610 |
1 |
|
|a измерения
|
| 675 |
|
|
|a 536
|v 3
|
| 702 |
|
1 |
|a Бродянский
|b В. М.
|g Виктор Михайлович
|4 340
|
| 712 |
0 |
2 |
|a Московский энергетический институт (МЭИ)
|c (1930-1992)
|3 (RuTPU)RU\TPU\col\20092
|
| 801 |
|
0 |
|a RU
|b RuMRKP
|c 19950704
|g psbo
|
| 801 |
|
1 |
|a RU
|b 63413507
|c 20151014
|
| 801 |
|
2 |
|a RU
|b 63413507
|c 20180723
|g RCR
|
| 942 |
|
|
|c BK
|